| 000 | 01785nam a2200229 a 4500 | ||
|---|---|---|---|
| 001 | BS0002693 | ||
| 003 | BR-BrBNA | ||
| 005 | 20230418192111.0 | ||
| 008 | 230308b |||||||| |||| 00| 0 por d | ||
| 040 |
_aBR-BrBNA _bpor _cBiblioteca Nacional de Agricultura |
||
| 041 | _apor | ||
| 072 | _aB60 | ||
| 090 | _aB60 BS0002693 | ||
| 100 | 1 | _aDonato, Palmerinda | |
| 245 | 1 | _aJuscelino Kubitschek, o Brasileiro do Século XX / | |
| 260 | 3 |
_aBrasília, DF: _bValci, _c1991. |
|
| 300 | _a107 p. | ||
| 520 | 3 | _aComemorado por várias entidades brasileiras, o centenário de Juscelino Kubitschek é aclamado com uma grande obra literária, fruto do respeito e do carinho da escritora Palmerinda Donato pelo mais festejado estadista brasileiro. Suas realizações, seu carisma, estratégias de governo e todo o desfecho de sua vida pública são colocados com fidelidade e arte pela talentosa Palmerinda, reconhecidamente, uma das pessoas mais indicadas para tratar do assunto. Sim, porque, ainda jovem, Palmerinda estreitou laços de amizade com a família Kubitschek, ao ponto de dedicar-se totalmente às campanhas eleitorais de Juscelino, apoiando-o por toda a sua trajetória política, inclusive quando foi exilado. A inspiração que norteia toda a obra é fruto dessa proximidade e da consideração fortalecida pela confiança mútua, que se estenderam até os último dias de vida do presidente e de sua esposa D. Sarah. Restaram a saudade, a magnífica e inesquecível lembrança de JK a inquietar o coração e a verde literária de Palmerinda Donato, que hoje premia a história nacional com esse importante livro, a mais forte homenagem que pode ser feita à memória de Juscelino Kubitschek. | |
| 650 | _aBIOGRAFIA | ||
| 909 |
_a202304 _bSergio Santos _c56 _dSergio Santos |
||
| 942 | _cBK | ||
| 999 |
_c7743 _d7743 |
||